00944cam a22002531 4500001001300000003000400013005001700017008004100034010001700075035002000092040001800112042001200130050001500142110003600157245009700193250002700290260005400317300001900371500007400390500002800464500013300492651004800625999001700673rc 01001465 DLC20260227111903.0930604s1891 mou 000 0 eng  arc 01001465  a(OCoLC)28212013 aDLCcCtYdDLC apremarc00aF891b.U592 aUnion Pacific Railroad Company.14aThe resources and attractions of Washington for the home seeker, capitalist, and tourist ... a4th ed., rev. and enl. aSt. Louis,bWoodward & Tiernan Print. Co.,c1891. a132 p.c22 cm. aCover title: Washington. A complete and comprehensive description ... aMap on p. [2] of cover. aFirst published under title: The resources and attractions of Washington Territory for the home seeker, capitalist, and tourist. 0aWashington (State)xDescription and travel. c52092d52092